| 000 | 00763nam a2200217 i 4500 | ||
|---|---|---|---|
| 001 | 17754 | ||
| 003 | ES-MaACL | ||
| 005 | 20240507111646.0 | ||
| 007 | t| | ||
| 008 | 010517s1947 ag ||||1| spa d | ||
| 080 | _a821.111 Shakespeare, William 1.06 | ||
| 100 | 1 |
_aLandauer, Gustavo. _969934 |
|
| 245 | 1 | 0 |
_aShakespeare _b: presentado en una serie de conferencias / _cGustavo Landauer ; versión castellana por Guillermo Thiele. |
| 260 |
_aBuenos Aires : _bEditorial Americalee, _c[1947] |
||
| 300 |
_a586 p. ; _c24 cm. |
||
| 500 | _aBiblioteca Juan Andrade. | ||
| 600 | 1 | 4 |
_aShakespeare, William, _d1564-1616- _xCrítica e interpretación _9105993 |
| 700 | 1 |
_aThiele, Guillermo. _9109940 |
|
| 852 |
_aES-MaACL _jAND-27 _bR.109357 |
||
| 999 |
_c17754 _d17754 |
||